| 000 | 01030cam a2200253 4500 | ||
|---|---|---|---|
| 001 | ABS62319 | ||
| 008 | 000000n2000 000 0 eng u | ||
| 035 | _a(Sirsi) u106346 | ||
| 100 | _aBrooker, P. | ||
| 245 | _aAppropriate ADR - identifying features of construction disputes which affect their suitability for submission to ADR | ||
| 260 | _c2000 | ||
| 490 |
_aInternational Construction Law Review _v17(2) April 2000, 276-299(23) |
||
| 520 | _aAnalyses the findings of empirical investigations into the use of ADR in the US construction industry drawing comparisons with data from a survey of the attitudes which exist concerning the appropriateness of ADR in the UK construction industry. (from journal abstract) | ||
| 590 | _aABS | ||
| 650 | _aALTERNATIVE DISPUTE RESOLUTION | ||
| 650 | _aATTITUDES | ||
| 650 | _aUNITED STATES | ||
| 650 | _aUNITED KINGDOM | ||
| 650 | _aCONSTRUCTION INDUSTRY | ||
| 650 | _aCONSTRUCTION DISPUTES | ||
| 690 |
_aDISPUTE RESOLUTION _96236 |
||
| 700 | _aLavers, A. | ||
| 942 | _n0 | ||
| 999 |
_c63695 _d63695 |
||